Rusko vs. Európska únia - ropný dialóg diplomová práca

Salvato in:
Dettagli Bibliografici
Autore principale: Havlík, Lukáš
Ente Autore: Obchodná fakulta EU. Katedra medzinárodného obchodu
Altri autori: Svobodová, Valéria
Natura: Libro
Lingua:slovacco
Pubblicazione: Bratislava 2008
Tags: Aggiungi Tag
Nessun Tag, puoi essere il primo ad aggiungerne!!

MARC

LEADER 00000nam$a2200000$$$4500
001 0085786
005 20240201120327.0
041 0 |a slo 
044 |a SK 
245 1 0 |a Rusko vs. Európska únia - ropný dialóg  |b diplomová práca  |c Lukáš Havlík ; škol. Valéria Svobodová 
264 1 |a Bratislava  |c 2008 
300 |a 78 s. 
100 1 |a Havlík, Lukáš 
700 1 |a Svobodová, Valéria 
710 2 |a Obchodná fakulta EU. Katedra medzinárodného obchodu